États des États-Unis aléatoires sur une carte - Statistiques

Statistiques générales
  • Ce quiz a été pris 124 327 fois
  • Le résultat moyen est 9 sur 15
Réponses sur la Carte
Les réponses sont colorées sur une échelle allant du rouge au vert en fonction du pourcentage des utilisateurs qui les ont devinées à leur premier essai. Vous pouvez retrouver ces pourcentages ci-dessous.
 
Statistiques - réponses
État % Correct
Californie
95%
Texas
95%
Alaska
93%
Floride
91%
Washington
87%
Nevada
78%
New York
75%
Nouveau-Mexique
72%
Michigan
70%
Oregon
70%
Arizona
68%
Dakota du Nord
68%
Louisiane
67%
Maine
67%
Dakota du Sud
65%
Caroline du Nord
64%
Montana
64%
Utah
64%
Caroline du Sud
63%
Alabama
59%
Colorado
59%
Géorgie
59%
Idaho
59%
Virginie
58%
Illinois
56%
Tennessee
56%
Mississippi
55%
Ohio
55%
Hawaï
52%
Kansas
52%
Pennsylvanie
52%
Oklahoma
51%
Vermont
50%
Wyoming
50%
Arkansas
49%
Kentucky
49%
Minnesota
49%
New Jersey
49%
Indiana
47%
Wisconsin
45%
Rhode Island
44%
Massachusetts
43%
Nebraska
43%
Connecticut
42%
Iowa
42%
Missouri
42%
New Hampshire
42%
Virginie-Occidentale
42%
Maryland
41%
Delaware
39%
Aucun quiz correspondant
Distribution des résultats
% des personnes avec chaque résultat
Percentile par nombre de réponses
Votre historique - résultats
Vous n’avez pas pris ce quiz